| 000 | 01016nam a2200289 i 4500 | ||
|---|---|---|---|
| 001 | bg | ||
| 100 | 1 | _aSŁAWIŃSKA, Maria | |
| 245 | 1 | 0 |
_aZarządzanie marketingowe przedsiębiorstwem handlowym / _cMaria Sławińska, Elżbieta Urbanowska-Sojkin ; Akademia Ekonomiczna w Poznaniu. |
| 250 | _aWyd. 5. | ||
| 260 |
_aPoznań : _bWydaw. AE, _c2001. |
||
| 300 |
_a208 s. : _bil. ; _c24 cm. |
||
| 504 | _aBibliogr. | ||
| 650 | 9 |
_aHandel _xmarketing |
|
| 650 | 9 |
_aPrzedsiębiorstwo handlowe _xorganizacja |
|
| 650 | 9 |
_aPrzedsiębiorstwo handlowe _xzarządzanie |
|
| 655 | _aPodręczniki akademickie | ||
| 700 | 1 | _aURBANOWSKA-SOJKIN, Elżbieta | |
| 710 | 0 | _aAkademia Ekonomiczna (Poznań) | |
| 020 | _a8388222813 | ||
| 040 | _cBPK | ||
| 041 | 0 | _apol | |
| 080 | _a658.1/.5.012.4::339.1:339.138](075.8) | ||
| 920 | _a83-88222-81-3 | ||
| 942 | _cKS | ||
| 008 | s pl f |000 0 pol | ||
| 999 |
_c45445 _d45445 |
||
| 856 |
_uhttp://koha.tu.koszalin.pl/cgi-bin/koha/opac-detail.pl?biblionumber=45445 _yKatalog online BPK |
||